Nuevo perfil del Ateneo / (Record no. 194835)

MARC details
000 -LEADER
campo de control de longitud fija 01172nab a2200289 i 4500
001 - NÚMERO DE CONTROL
campo de control 194835
003 - IDENTIFICADOR DE NÚMERO DE CONTROL
campo de control ES-MaACL
005 - FECHA Y HORA DE LA ÚLTIMA TRANSACCIÓN
campo de control 20250704062602.0
008 - DATOS DE LONGITUD FIJA--INFORMACIÓN GENERAL
campo de control de longitud fija 240517e1946 sp ||||| |||| 00| 0 spa d
040 ## - FUENTE DE CATALOGACIÓN
Lengua de catalogación spa
Centro/agencia transcriptor ES-MaACL
080 ## - NÚMERO DE LA CLASIFICACIÓN DECIMAL UNIVERSAL
Número de la Clasificación Decimal Universal 001.32(460.271)
100 1# - ENTRADA PRINCIPAL--NOMBRE DE PERSONA
9 (RLIN) 102518
Nombre de persona Sánchez Camargo, Manuel,
Fechas asociadas al nombre 1911-1967
Término indicativo de función/relación Autor
245 10 - MENCIÓN DEL TÍTULO
Título Nuevo perfil del Ateneo /
Mención de responsabilidad, etc. S. Camargo
260 ## - PUBLICACIÓN, DISTRIBUCIÓN, ETC.
Lugar de publicación, distribución, etc. Madrid,
Fecha de publicación, distribución, etc. 1946
300 ## - DESCRIPCIÓN FÍSICA
Extensión P. 59-60
336 ## - TIPO DE CONTENIDO
Fuente rdacontent
Término de tipo de contenido texto
337 ## - TIPO DE MEDIO
Fuente rdamedia
Nombre/término del tipo de medio sin mediación
338 ## - TIPO DE SOPORTE
Fuente rdacarrier
Nombre/término del tipo de soporte volumen
520 ## - RESUMEN, ETC.
Sumario, etc. Se realiza un breve repaso histórico por la historia del Ateneo de Madrid, los locales que le han servido de sede, las tertulias que en el centro se han celebrado y las perspectivas de futuro que se le plantean
530 ## - NOTA DISPONIBLE DE FORMULARIO FÍSICO ADICIONAL
Nota de formato físico adicional disponible Disponible en formato digital
610 24 - PUNTO DE ACCESO ADICIONAL DE MATERIA--NOMBRE DE ENTIDAD CORPORATIVA
Nombre de entidad corporativa o nombre de jurisdicción como elemento de entrada Ateneo de Madrid-
Subdivisión de forma Historia
9 (RLIN) 1925
773 ## - ASIENTO DE ITEM FUENTE
Título Revista nacional de educación,
Número Internacional Normalizado para Publicaciones Seriadas ISSN 0210-2269,
Parte(s) relacionada(s) 1946, n. 60, p. 59-60
Número bibliográfico anfitrión 1970
Número de ítem anfitrión 2009
Número de control del registro 1970
856 ## - LOCALIZACIÓN Y ACCESO ELECTRÓNICOS
Identificador Uniforme de Recursos <a href="http://hdl.handle.net/11162/82312">http://hdl.handle.net/11162/82312</a>
Texto de enlace Versión en línea
Nota pública (Redined)
942 ## - ELEMENTOS DE ENTRADA SECUNDARIOS (KOHA)
Fuente del sistema de clasificación o colocación Clasificación decimal universal
Tipo de ítem Koha Artículo de revista
Suprimir en OPAC No

No items available.